| 000 | 00550nam a2200205Ia 4500 | ||
|---|---|---|---|
| 001 | 221 | ||
| 005 | 20260302114448.0 | ||
| 008 | 251203t1997||||xx |||||||||||||| ||spa|| | ||
| 020 | _a9972625095 | ||
| 041 | _aESP | ||
| 082 |
_aRE 036 _bE56 |
||
| 110 | _aLexus Editores | ||
| 245 | 0 | _aEnciclopedia estudiantil Lexus | |
| 260 |
_aBarcelona : _bLexus Editores, _c1997 |
||
| 300 |
_a1072 páginas : _b ilustraciones ; _c 27 cm. |
||
| 650 | _aGEN | ||
| 653 | _aObras enciclopédicas en Español; Diccionario | ||
| 654 | _aCTP | ||
| 942 |
_cENC _dJUS _fTRC _2ddc |
||
| 999 |
_c221 _d221 |
||